书目信息 |
| 题名: |
伟大的旅程
|
|
| 作者: | ;翟娜娜 译 ;英国DK公司 编著 | |
| 分册: | ||
| 出版信息: | 北京 北京美术摄影出版社 2013.06 |
|
| 页数: | 262页 | |
| 开本: | 31cm | |
| 丛书名: | ||
| 单 册: | ||
| 中图分类: | TU-861 | |
| 科图分类: | ||
| 主题词: | 建筑艺术--jian zhu yi shu--介绍--世界 | |
| 电子资源: | ||
| ISBN: | 978-7-80501-543-9 | |
| 000 | 01257nam0 2200289 450 | |
| 001 | 0109110218 | |
| 005 | 20201109144614.63 | |
| 010 | @a978-7-80501-543-9@b精装@dCNY128.00 | |
| 100 | @a20140429e20202013em y0chiy50 ea | |
| 101 | 1 | @achi@ceng |
| 102 | @aCN@b110000 | |
| 105 | @aab z 000yy | |
| 106 | @ar | |
| 200 | 1 | @a伟大的旅程@Awei da de lv cheng@e一生必看的103个建筑@f英国DK公司编著@g翟娜娜译 |
| 210 | @a北京@c北京美术摄影出版社@d2013.06@h2020.05 | |
| 215 | @a262页@c图, 地图@d31cm@e1模型 | |
| 300 | @a视觉之旅 | |
| 312 | @a版权页英文题名:The world's must see places | |
| 330 | @a本书介绍了一些具有划时代意义的建筑,比如悉尼歌剧院和吉萨的大金字塔。还有一些是令人叹为观止,但却鲜为人知的建筑,比如马里的杰内古城的大清真寺和以色列的马察达山顶要塞。重点讲述一些别具创意、富有现代风格的国际著名建筑,以及一些被联合国教科文组织列入《世界遗产名录》的建筑,比如柬埔寨的吴哥窟和秘鲁的马丘比丘。 | |
| 510 | 1 | @aWorld's must see places@zeng |
| 517 | 1 | @a一生必看的103个建筑@Ayi sheng bi kan de 103 ge jian zhu |
| 606 | 0 | @a建筑艺术@Ajian zhu yi shu@x介绍@y世界 |
| 690 | @aTU-861@v5 | |
| 702 | 0 | @a翟娜娜@Azhai na na@4译 |
| 711 | 02 | @a英国DK公司@Aying guo DK gong si@4编著 |
| 801 | 0 | @aCN@bBJSZM@c20201103 |
| 905 | @b1240810-2@dTU-861@e230@f3 | |
| 伟大的旅程:一生必看的103个建筑/英国DK公司编著/翟娜娜译.-北京:北京美术摄影出版社,2013.06(2020.05) |
| 262页:图, 地图;31cm+1模型 |
| 视觉之旅 |
| ISBN 978-7-80501-543-9(精装):CNY128.00 |
| 本书介绍了一些具有划时代意义的建筑,比如悉尼歌剧院和吉萨的大金字塔。还有一些是令人叹为观止,但却鲜为人知的建筑,比如马里的杰内古城的大清真寺和以色列的马察达山顶要塞。重点讲述一些别具创意、富有现代风格的国际著名建筑,以及一些被联合国教科文组织列入《世界遗产名录》的建筑,比如柬埔寨的吴哥窟和秘鲁的马丘比丘。 |
| ● |
| 相关链接 |
|
|
|
|
正题名:伟大的旅程
索取号:TU-861/230
 
预约/预借
| 序号 | 登录号 | 条形码 | 馆藏地/架位号 | 状态 | 备注 |
| 1 | 1240810 | 212408107 | 第二样本阅览室/ [索取号:TU-861/230] | 在馆 | |
| 2 | 1240811 | 212408116 | 第三借阅区/ [索取号:TU-861/230] | 在馆 | |
| 3 | 1240812 | 212408125 | 第三借阅区/ [索取号:TU-861/230] | 在馆 |